| 000 | 00435nam a22001457a 4500 | ||
|---|---|---|---|
| 020 | _a0600500462 | ||
| 082 |
_a355.00973 _bCAM |
||
| 100 | 1 |
_aCampbell, Christopher, _948605 |
|
| 245 | 1 | 0 |
_aAirland battle 2000 / _cChristy Campbell. |
| 260 |
_aTwickenham, Middlesex, England : _bHamlyn, _cc1986. |
||
| 300 |
_a188 p. : _bill. (some col.) ; _c29 cm. |
||
| 526 |
_a0 _b0 _c0 _d355_009730000000000_CAM |
||
| 650 |
_aMCE _9379 |
||
| 942 |
_2ddc _cBK |
||
| 999 |
_c551476 _d551476 |
||